[Event "Nuremberg Zabo op 23rd"]
[Site "Nuremberg"]
[Date "2023.09.16"]
[Round "2"]
[White "Barnowski, Roman"]
[Black "Albayrak, Nese Pinar"]
[Result "0-1"]
[WhiteElo "1606"]
[BlackElo "1904"]
[PlyCount "72"]
[EventDate "2023.09.15"]
[EventType "swiss"]
[EventRounds "5"]
[EventCountry "GER"]
[SourceTitle "EXT 2024"]
[Source "ChessBase"]
[SourceDate "2023.10.10"]
[SourceVersion "1"]
[SourceVersionDate "2023.10.10"]
[SourceQuality "1"]

1. e4 e5 2. Nc3 Nf6 3. Bc4 Nc6 4. d3 Bc5 5. Nf3 a6 6. 0-0 d6 7. Bg5 h6 8. Bxf6 Qxf6 9. Nd5 Qd8 10. c3 Ba7 11. b4 Bg4 12. Ne3 Bh5 13. Nf5 0-0 14. h3 Ne7 15. g4 Bg6 16. N3h4 Bh7 17. Nxe7+ Qxe7 18. Ng2 c6 19. Kh1 Qf6 20. Rc1 Rad8 21. f4 d5 22. exd5 cxd5 23. Bb3 exf4 24. Nxf4 Qe5 25. d4 Be4+ 26. Kg1 Qd6 27. Qd2 Bb8 28. Rf2 Qe7 29. Bc2 Qh4 30. Bxe4 dxe4 31. Qe3 Rde8 32. Ng2 Qe7 33. Rcf1 Qc7 34. Nf4 Qc4 35. Rc1 Qc7 36. Rg2 Qe7 0-1

[Event "GER-chT U20 Girls"]
[Site "Kiel"]
[Date "2022.07.24"]
[Round "4.2"]
[White "Tabakh, Najat"]
[Black "Albayrak, Nese Pinar"]
[Result "0-1"]
[WhiteElo "1313"]
[BlackElo "1651"]
[PlyCount "40"]
[EventDate "2022.07.22"]
[EventType "team-swiss"]
[EventRounds "7"]
[EventCountry "GER"]
[SourceTitle "CBM 209 Extra"]
[Source "ChessBase"]
[SourceDate "2022.09.30"]
[SourceVersion "1"]
[SourceVersionDate "2022.09.30"]
[SourceQuality "1"]
[WhiteTeam "Bad Oldesloe"]
[BlackTeam "Nuernberg Noris Tarrasch"]
[WhiteTeamCountry "GER"]
[BlackTeamCountry "GER"]

1. b3 e5 2. Bb2 Nc6 3. e3 a6 4. Bc4 d5 5. Be2 Nf6 6. Nf3 Bd6 7. c4 0-0 8. cxd5 Nxd5 9. e4 Nf4 10. 0-0 Qf6 11. g3 Nh3+ 12. Kg2 Qg6 13. Nc3 Nf4+ 14. Kh1 Nxe2 15. Qxe2 Bg4 16. Qe3 Bc5 17. Qe2 Nd4 18. Qd3 Bxf3+ 19. Kg1 Qg4 20. Nd1 Ne2+ 0-1

[Event "Mittelfrank Regionalliga Nord-Ost 2122"]
[Site "Mittelfranken"]
[Date "2022.05.15"]
[Round "5.8"]
[White "Beetz, Maximilian"]
[Black "Albayrak, Nese Pinar"]
[Result "1-0"]
[WhiteElo "2024"]
[BlackElo "1848"]
[PlyCount "120"]
[EventDate "2021.10.24"]
[EventType "team-tourn"]
[EventRounds "9"]
[EventCountry "GER"]
[SourceTitle "EXT 2024"]
[Source "ChessBase"]
[SourceDate "2023.10.10"]
[SourceVersion "1"]
[SourceVersionDate "2023.10.10"]
[SourceQuality "1"]
[WhiteTeam "Herzogenaurach II"]
[BlackTeam "Nuernberg Noris Tarrasch III"]
[WhiteTeamCountry "GER"]
[BlackTeamCountry "GER"]

1. Nf3 Nf6 2. c4 g6 3. Nc3 Bg7 4. d4 0-0 5. e4 d6 6. Be2 e5 7. 0-0 Nc6 8. d5 Ne7 9. Bd2 Ne8 10. Qb3 h6 11. Rac1 f5 12. c5 Kh8 13. exf5 gxf5 14. Rfe1 dxc5 15. Nb5 b6 16. Bc4 Ng6 17. d6 Nxd6 18. Bd5 Rb8 19. Nxa7 e4 20. Nc6 Qe8 21. Nxb8 Bb7 22. Bxb7 Nxb7 23. Na6 Qc8 24. Bc3 exf3 25. Bxg7+ Kxg7 26. h4 Na5 27. Qc3+ Kg8 28. Nxc5 bxc5 29. Qxa5 Nf4 30. Qxc5 Ne2+ 31. Rxe2 fxe2 32. Qc4+ Kh7 33. Qxc7+ Qxc7 34. Rxc7+ Kg6 35. Re7 Kh5 36. g3 f4 37. Rxe2 fxg3 38. fxg3 Ra8 39. a3 Rb8 40. Kg2 Rb3 41. Kh3 Rb6 42. b4 Kg6 43. Kg4 h5+ 44. Kf3 Rf6+ 45. Ke4 Re6+ 46. Kd3 Ra6 47. Ra2 Rf6 48. a4 Rf3+ 49. Kc4 Rxg3 50. Rd2 Kf6 51. a5 Rg8 52. Rd5 Rg4+ 53. Rd4 Ke5 54. Rxg4 hxg4 55. Kd3 Kf4 56. Ke2 Kg3 57. a6 Kh2 58. a7 g3 59. a8Q g2 60. Qxg2+ Kxg2 1-0

[Event "GER-chT Federal Cup (Women)"]
[Site "Braunfels"]
[Date "2021.10.22"]
[Round "3.27"]
[White "Albayrak, Nese Pinar"]
[Black "Daemering, Katrin"]
[Result "1-0"]
[WhiteElo "1566"]
[BlackElo "1990"]
[PlyCount "91"]
[EventDate "2021.10.19"]
[EventType "team-tourn"]
[EventRounds "5"]
[EventCountry "GER"]
[SourceTitle "CBM 204 Extra"]
[Source "ChessBase"]
[SourceDate "2021.11.30"]
[SourceVersion "1"]
[SourceVersionDate "2021.11.30"]
[SourceQuality "1"]

1. e4 c5 2. Nf3 d6 3. d4 cxd4 4. Nxd4 Nf6 5. Nc3 a6 6. Be3 Qc7 7. f3 e6 8. Qd2 Be7 9. g4 Nc6 10. 0-0-0 h6 11. h4 Nd7 12. Kb1 Nce5 13. Rh2 b5 14. g5 h5 15. Qf2 Rb8 16. Bh3 b4 17. Na4 Nf8 18. b3 Bb7 19. f4 Nc6 20. f5 e5 21. Ne2 f6 22. Ng3 Nd7 23. Qe2 Nd8 24. Nxh5 Kf8 25. gxf6 Bxf6 26. Nxf6 gxf6 27. Qg4 Nf7 28. Bf1 Ke7 29. Bc4 Rbg8 30. Qf3 Rg7 31. Bd5 Bc8 32. Bxf7 Rxf7 33. h5 Bb7 34. Rhd2 Rc8 35. h6 Rh7 36. Qg2 Bc6 37. Nb2 Qb7 38. Rxd6 Nf8 39. Bc5 Kf7 40. Rg1 Bxe4 41. Qg8+ Ke8 42. Re6+ Kd7 43. Rg7+ Rxg7 44. Qxg7+ Kd8 45. Qxf8+ Kc7 46. Qd6# 1-0

[Event "GER-ch U16 Girls"]
[Site "Willingen"]
[Date "2021.08.24"]
[Round "3"]
[White "Albayrak, Nese Pinar"]
[Black "Buchholz, Maja Patricia"]
[Result "0-1"]
[WhiteElo "1546"]
[BlackElo "1720"]
[PlyCount "64"]
[EventDate "2021.08.22"]
[EventType "swiss"]
[EventRounds "9"]
[EventCountry "GER"]
[SourceTitle "EXT 2022"]
[Source "ChessBase"]
[SourceDate "2021.10.06"]
[SourceVersion "1"]
[SourceVersionDate "2021.10.06"]
[SourceQuality "1"]

1. e4 c5 2. Nf3 Nc6 3. d4 cxd4 4. Nxd4 g6 5. Nc3 Bg7 6. Be3 Nf6 7. Bc4 0-0 8. Bb3 d5 9. exd5 Na5 10. f3 Nxb3 11. Nxb3 b5 12. Bc5 Re8 13. Qd2 a5 14. Nxb5 a4 15. N3d4 Qxd5 16. Ba3 Rd8 17. Rd1 Ba6 18. Nc3 Qe5+ 19. Kf2 Nh5 20. Nce2 Bxe2 21. Qxe2 Rxd4 22. Qxe5 Bxe5 23. c3 Rxd1 24. Rxd1 Bxh2 25. Bxe7 Re8 26. Bc5 f5 27. b4 axb3 28. axb3 f4 29. b4 Ng3 30. Re1 Bg1+ 31. Kxg1 Rxe1+ 32. Kh2 Rh1# 0-1

[Event "Nuremberg op"]
[Site "Nuremberg"]
[Date "2019.11.16"]
[Round "2"]
[White "Klein, Rainer"]
[Black "Albayrak, Nese Pinar"]
[Result "1/2-1/2"]
[WhiteElo "1632"]
[BlackElo "1615"]
[PlyCount "77"]
[EventDate "2019.11.15"]
[EventType "swiss"]
[EventRounds "5"]
[EventCountry "GER"]
[SourceTitle "CBM 193 Extra"]
[Source "ChessBase"]
[SourceDate "2020.01.31"]
[SourceVersion "1"]
[SourceVersionDate "2020.01.31"]
[SourceQuality "1"]

1. d4 d5 2. Nf3 c6 3. Bf4 Nf6 4. e3 Bf5 5. Bd3 Bxd3 6. Qxd3 e6 7. Nbd2 Be7 8. Qb3 Qb6 9. 0-0 Nbd7 10. Ne5 0-0 11. Bg5 Bd6 12. Nxd7 Nxd7 13. c4 dxc4 14. Qxc4 Qxb2 15. Ne4 Nb6 16. Qd3 Qa3 17. Qe2 Be7 18. Qg4 f5 19. Qh4 Rae8 20. Nd2 Bxg5 21. Qxg5 Qe7 22. Qxe7 Rxe7 23. f4 Rc7 24. Kf2 Rfc8 25. Nb3 Nd7 26. Rfd1 b6 27. h3 Nf6 28. Kf3 Ne4 29. g4 Kf7 30. gxf5 exf5 31. Nc1 c5 32. dxc5 Nxc5 33. Ne2 Re8 34. Nd4 g6 35. Nb5 Rce7 36. Nd6+ Kf6 37. Nxe8+ Rxe8 38. Rd6+ Kg7 39. Rad1 1/2-1/2